History Quiz

Random History or Blitz Quiz

2000s Blitz Quiz Stats

Quiz Updated Nov 30, 2016

Challenge
Share
Tweet
Embed
Score 0/30 Timer 04:00
3 Plays Today
Category 2000s answer % Correct
American President [3]Barack Obama
95.5%
Time magazine Person of the Year [9]George W. Bush
95.5%
Olympic host city [5]Sydney
91.8%
Super Bowl winning team [7]Rams
85.9%
World Series winning team [8]Phillies
85.6%
World Cup (soccer) winning nation [2]Brazil
85%
British Prime Minister [2]Tony Blair
77.1%
Nobel Peace Prize winner [14]Jimmy Carter
72.4%
Russian president [2]Vladimir Putin
72.4%
Stanley Cup winning team [7]Red Wings
69.1%
Oscar Best Picture [10]Gladiator
67.5%
Roman Catholic Pope [2]John Paul II
65.9%
Nation sanctioned by the U.N. [8]Liberia
63.9%
Premier League Champion [3]Manchester United
63.7%
Oscar Best Actress [10]Julia Roberts
59.9%
Category 2000s answer % Correct
Oscar Best Actor [9]Russell Crowe
55.7%
Emmy Best Comedy winner [7]Will & Grace
48.4%
Tour de France winner [3]Carlos Sastre
47.3%
Best selling author (US) [6]Dan Brown
44.4%
Emmy Best Drama Winner [5]The West Wing
35.7%
New Artist Grammy winner [10]Christina Aguilera
32.7%
Artist with 20 million + selling album [6]Usher
32.4%
Steven Spielberg directed movie [8]Munich
31.6%
UN Secretary-General [2]Kofi Annan
31%
#1 ranked Girl's names (US) [3]Emily
30.8%
Tony Best Musical [10]The Producers
30.6%
New United Nations member [5]Switzerland
23.6%
#1 ranked Boy's name (US) [1]Jacob
19.2%
Oscar Best Score (composer) [8]Howard Shore
7.7%
Discovered chemical elements [4]Livermorium
4%

You're not logged in!

Compare scores with friends on all Sporcle quizzes.
Join for Free
OR
Log In

You Might Also Like...

Show Comments

Extras

Top Quizzes Today


Score Distribution

Your Account Isn't Verified!

In order to create a playlist on Sporcle, you need to verify the email address you used during registration. Go to your Sporcle Settings to finish the process.

Report this User

Report this user for behavior that violates our Community Guidelines.

Details: